00680nam a22002057a 450000500170000001000130001702000220003003500130005203700160006504000120008108200180009324501130011126000400022427000550026430000210031965000530034065000310039370000230042470000270044720170124110248.0 aA-608178 c00.00a8170362873 aA-608178 bCen Lib/Ret aDPLbEN a304.6072bMET aMethodology for population studies and development /cedited by Kuttan Mahadevan [and] Parameswara Krishnan  bSage Publications aNew Delhic1993 bNew DelhiaM-32, Greater Kailash, Market Ie110001 a469p. c21cm(Hb) aDeveloping countries -- Population -- Research.  aDemography -- Methodology. aMahadevan, Kuttan  aKrishnan, Parameswara